书目信息 |
| 题名: |
现代会计学
|
|
| 作者: | 谢合明 主编 | |
| 分册: | ||
| 出版信息: | 成都 西南交通大学出版社 2003.09 |
|
| 页数: | 289页 | |
| 开本: | 26cm | |
| 丛书名: | ||
| 单 册: | ||
| 中图分类: | F230 | |
| 科图分类: | ||
| 主题词: | 会计学--kuai ji xue | |
| 电子资源: | ||
| ISBN: | 7-81057-767-0 | |
| 000 | 00866nam0 2200265 450 | |
| 001 | 012007886375 | |
| 005 | 20071228172850.54 | |
| 010 | @a7-81057-767-0@dCNY22.00 | |
| 100 | @a20071228d2003 km y0chiy0120 ea | |
| 101 | 0 | @achi |
| 102 | @aCN@b510000 | |
| 105 | @aa a 000yy | |
| 106 | @ar | |
| 200 | 1 | @a现代会计学@Axian dai kuai ji xue@f谢合明主编@Fxie he ming zhu bian |
| 210 | @a成都@c西南交通大学出版社@d2003.09 | |
| 215 | @a289页@c图@d26cm | |
| 312 | @a英文并列题名取自封面。 | |
| 320 | @a有书目 (第289页)。 | |
| 330 | @a本书以会计电算化为主线,构建了会计信息分类及存放格式、信息处理方法、信息输入、信息储存、信息处理等内容体系描述会计信息系统。 | |
| 510 | 1 | @aModern accounting@zeng |
| 606 | 0 | @a会计学@Akuai ji xue |
| 690 | @aF230@v4 | |
| 701 | 0 | @a谢合明@Axie he ming@4主编 |
| 801 | 0 | @aCN@bQSSK@c20071228 |
| 905 | @b274410-12@dF230@eX444@f3 | |
| 现代会计学/谢合明主编.-成都:西南交通大学出版社,2003.09 |
| 289页:图;26cm |
| ISBN 7-81057-767-0:CNY22.00 |
| 本书以会计电算化为主线,构建了会计信息分类及存放格式、信息处理方法、信息输入、信息储存、信息处理等内容体系描述会计信息系统。 |
| ● |
| 相关链接 |
|
|
|
正题名:现代会计学
索取号:F230/X444
 
预约/预借
| 序号 | 登录号 | 条形码 | 馆藏地/架位号 | 状态 | 备注 |
| 1 | 274410 | 202744101 | 社科库409/409社科库 75排3列1层/ [索取号:F230/X444] | 在馆 | |
| 2 | 274411 | 202744110 | 社科库409/409社科库 75排3列1层/ [索取号:F230/X444] | 在馆 | |
| 3 | 274412 | 202744129 | 社科库409/409社科库 75排3列1层/ [索取号:F230/X444] | 在馆 |